Zokam Thukhun Thak (Record no. 6324)

MARC details
000 -LEADER
fixed length control field 00440nam a22001697a 4500
003 - CONTROL NUMBER IDENTIFIER
control field GBCCL
005 - DATE AND TIME OF LATEST TRANSACTION
control field 20251202140644.0
008 - FIXED-LENGTH DATA ELEMENTS--GENERAL INFORMATION
fixed length control field 180509b ||||| |||| 00| 0 eng d
040 ## - CATALOGING SOURCE
Transcribing agency gbc
082 ## - DEWEY DECIMAL CLASSIFICATION NUMBER
Classification number VER 225.5954
Item number ZOM 1
245 ## - TITLE STATEMENT
Title Zokam Thukhun Thak
250 ## - EDITION STATEMENT
Edition statement Zokam International Version
260 ## - PUBLICATION, DISTRIBUTION, ETC.
Place of publication, distribution, etc. South Holland:
Name of publisher, distributor, etc. Bible League,
Date of publication, distribution, etc. 1994
300 ## - PHYSICAL DESCRIPTION
Extent 398 p.;
Dimensions 21 cm.
650 ## - SUBJECT ADDED ENTRY--TOPICAL TERM
Topical term or geographic name entry element Bible
General subdivision New Testament
9 (RLIN) 11333
942 ## - ADDED ENTRY ELEMENTS (KOHA)
Source of classification or shelving scheme Dewey Decimal Classification
Koha item type Books
Holdings
Withdrawn status Lost status Source of classification or shelving scheme Damaged status Not for loan Collection Home library Current Library Shelving location Date acquired Total checkouts Full call number Barcode Date last seen Copy number Price effective from Koha item type
    Dewey Decimal Classification       GRACE BIBLE COLLEGE GRACE BIBLE COLLEGE Bible 2018-05-09   VER 225.5954 ZOM 004425 2025-05-01 c.1 2018-05-09 Reference Books
    Dewey Decimal Classification       GRACE BIBLE COLLEGE GRACE BIBLE COLLEGE Bible 2018-06-26   VER 225.5954 ZOM 004427 2025-05-01 c.2 2018-06-26 Reference Books
    Dewey Decimal Classification       GRACE BIBLE COLLEGE GRACE BIBLE COLLEGE Bible 2018-07-16   VER 225.5954 ZOM 004429 2025-05-01 c.3 2018-07-16 Reference Books
    Dewey Decimal Classification       GRACE BIBLE COLLEGE GRACE BIBLE COLLEGE Bible 2018-07-16   VER 225.5954 ZOM 004435 2025-05-01 c.4 2018-07-16 Reference Books
    Dewey Decimal Classification       GRACE BIBLE COLLEGE GRACE BIBLE COLLEGE Bible 2018-07-16   VER 225.5954 ZOM 004436 2025-05-01 c.5 2018-07-16 Reference Books
    Dewey Decimal Classification       GRACE BIBLE COLLEGE GRACE BIBLE COLLEGE Bible 2018-07-16   VER 225.5954 ZOM 004437 2025-05-01 c.6 2018-07-16 Reference Books
    Dewey Decimal Classification       GRACE BIBLE COLLEGE GRACE BIBLE COLLEGE Bible 2018-07-16   VER 225.5954 ZOM 004439 2025-05-01 c.7 2018-07-16 Reference Books
    Dewey Decimal Classification       GRACE BIBLE COLLEGE GRACE BIBLE COLLEGE Bible 2018-09-04   VER 225.5954 ZOM 005163 2025-05-01 c.8 2018-09-04 Reference Books
© Grace Bible College Library 2025